| 000 | 03570nam0a22004931 4500 | ||
|---|---|---|---|
| 001 | RU\NLR\A1\22992 | ||
| 005 | 20251203152403.2 | ||
| 035 | _a(NLR Aleph) 009677453 | ||
| 090 |
_a9688654 _c9688654 |
||
| 100 | _a19981222d1796 u y0rusy50 ca | ||
| 101 | 0 |
_arus _alat _agrc _ager |
|
| 102 | _aRU | ||
| 135 | _acrgn 008anaba | ||
| 200 | 1 |
_aСвятейшаго правительствующаго синода члену, великому господину высокопреосвященнейшему Платону, митрополиту Московскому и Калужскому и Свято-Троицкия лавры священно-архимандриту, милостивому архипастырю, директору и протектору своему, в день тезоименитства его высокопреосвященства усерднейшее поздравление приносит Московская славено-греко-латинская академия. _eНоября 18 дня, 1796 года. |
|
| 210 |
_aМ. _cУнив. тип., у Ридигера и Клаудия _d1796 |
||
| 215 |
_a60 с. _d4° |
||
| 300 | _aСб. стихотворений. | ||
| 303 | _aНа рус., лат., греч. и нем. яз. | ||
| 321 | 1 | _aСК XVIII 6369 | |
| 325 | 1 | _aКопия доступна в электронной библиотеке РНБ | |
| 518 | 1 | _aСвятейшего правительствующего синода члену, великому господину высокопреосвященнейшему Платону, митрополиту Московскому и Калужскому и Свято-Троицкия лавры священно-архимандриту, милостивому архипастырю, директору и протектору своему, в день тезоименитства его высокопреосвященства усерднейшее поздравление приносит Московская славено-греко-латинская академия. | |
| 600 | 0 |
_aПлатон _cЛевшин, Петр Егорович _f1737-1812 |
|
| 620 | _dМосква | ||
| 702 | 1 |
_aРидигер _bХ. _gХристиан _4610 |
|
| 702 | 1 |
_aКлаудий _bХ.А. _f-1805 _gХристофор Александрович _4610 |
|
| 712 | 0 | 2 |
_aМосковский университет _bТипография _4610 |
| 712 | 0 | 2 |
_aСлавяно-греко-латинская академия _cМосква _4070 |
| 801 | 0 |
_aRU _bNLR _c19981222 |
|
| 852 |
_aNLR _j18.154.1.286 |
||
| 856 | 0 | _uhttp://vivaldi.nlr.ru/bx000012342/view | |
| 856 | 1 | _uhttp://vivaldi.nlr.ru/bx000012342/cover | |
| 856 | 2 | _uhttp://vivaldi.nlr.ru/bx000012342/text | |
| 899 | _aРГБ | ||
| 899 | _aБАН | ||
| 899 | _aГПИБ | ||
| 901 | _eКнижные издания | ||
| 942 | _cBOOK | ||
| 980 | _aNB | ||
| 980 | _aA1XVIIIv | ||
| 981 | 2 | 2 |
_a(22) Материалы по истории России _b(22) Религиозные конфессии |
| 981 | 2 | 2 |
_a(22) Материалы по истории России _b(22) Культура. Наука. Просвещение. |
| 981 | 2 | 2 |
_a(22) Материалы по истории России _b(22) История России до 25 октября (7 ноября) 1917 года |
| 981 | 2 | 0 |
_a(20) Книжные памятники РНБ _b(20) Русский книжный фонд |